Statistiken für Europa: Geografie mit C

Klicken Sie hier um das Quiz zu spielen!

Allgemein

  • Dieses Quiz wurde 154 mal gespielt
  • Das Durchschnittsergebnis liegt bei 9 aus 16

Antwortstatistiken

HinweisAntwort% Korrekt
Bei den Filmfestspielen in dieser Stadt an der Côte d'Azur wird die Goldene Palme verliehenCannes
92%
See in Bayern, der bis zur Wiedervereinigung der größte komplett in der Bundesrepublik Deutschland liegende See warChiemsee
92%
Stadt in England, deren Universität neben Oxford eine der ältesten und renommiertesten der Welt istCambridge
83%
Hauptstadt von WalesCardiff
79%
Hauptstadt der Republik MoldauChisinau
79%
Französische Region um Reims, die für einen Schaumwein weltberühmt istChampagne
77%
Wohlhabender Stadtteil im Zentrum von London, der für eine Flower Show und für einen Fußballclub bekannt istChelsea
71%
Südlichste Grafschaft und zweitgrößte Stadt der Republik IrlandCork
59%
Gilt als älteste Stadt der SchweizChur
52%
Größte Stadt und Hauptstadt der Insel SardinienCagliari
48%
Mit fast 1,5 Mio. Einwohnern die zweitgrößte Stadt der UkraineCharkiw
47%
Bezeichnung für einen Küstenabschnitt im Süden Spaniens, an dem Orte wie Malaga und Marbella liegen (3 Wörter)Costa del Sol
39%
Stadt in Andalusien, die einst die Hauptstadt eines Kalifats warCórdoba
31%
In Irland und Großbritannien Bezeichnung für Grafschaften, die häufig auf -shire endenCounty
27%
Halbinsel im Nordosten Griechenlands, die sich in drei weitere Halbinseln aufgliedert, auf einer von denen sich die Mönchsrepublik Athos befindetChalkidiki
19%
Griechische Insel in der Ägäis, auf der Homer geboren sein sollChios
11%

Verteilung der Resultate

Perzentil nach korrekt beantworteten Fragen

Anzahl Personen mit jedem Resultat

Ihre Resultats-Entwicklung

Sie haben dieses Quiz noch nicht gespielt